Glosario de términos económicos y contables : sección especial en análisis beneficio-costo / (Record no. 171594)
[ view plain ]
| 000 -CABECERA | |
|---|---|
| campo de control de longitud fija | 01230nam a2200325Ia 4500 |
| 001 - NÚMERO DE CONTROL | |
| campo de control | dia_1046 |
| 003 - IDENTIFICADOR DEL NÚMERO DE CONTROL | |
| campo de control | CHAP |
| 005 - FECHA Y HORA DE LA ÚLTIMA TRANSACCIÓN | |
| campo de control | 20230119115009.0 |
| 008 - DATOS DE LONGITUD FIJA--INFORMACIÓN GENERAL | |
| campo de control de longitud fija | 220117s[19- xx 000 0 und d |
| 010 ## - NÚMERO DE CONTROL DE LA BIBLIOTECA DEL CONGRESO | |
| Número de control de LC | 171594 |
| 040 ## - FUENTE DE LA CATALOGACIÓN | |
| Centro/agencia transcriptor | CHAP |
| 082 ## - NÚMERO DE LA CLASIFICACIÓN DECIMAL DEWEY | |
| Número de clasificación | C 330 E34 [19--?] |
| 100 ## - ENTRADA PRINCIPAL--NOMBRE DE PERSONA | |
| Nombre de persona | Edelman, J. A. |
| 9 (RLIN) | 149877 |
| 245 ## - MENCIÓN DE TÍTULO | |
| Título | Glosario de términos económicos y contables : sección especial en análisis beneficio-costo / |
| Mención de responsabilidad, etc. | J. A. Edelman ; traducción Cristovam Buarque |
| 260 ## - PUBLICACIÓN, DISTRIBUCIÓN, ETC. | |
| Lugar de publicación, distribución, etc. | Estados Unidos de América : |
| Nombre del editor, distribuidor, etc. | Banco Interamericano de Desarrollo, |
| Fecha de publicación, distribución, etc. | [19- |
| 300 ## - DESCRIPCIÓN FÍSICA | |
| Extensión | 30 h. |
| 440 ## - MENCIÓN DE SERIE/PUNTO DE ACCESO ADICIONAL--TÍTULO | |
| Título | Preparación y evaluación de proyectos |
| 9 (RLIN) | 147491 |
| 500 ## - NOTA GENERAL | |
| Nota general | En portada: Material didáctico \ Material fotocopiado |
| 503 ## - NOTA DE HISTORIA BIBLIOGRÁFICA (BK CF MU) [OBSOLETO] | |
| Nota de historia bibliográfica | D. |
| 590 ## - NOTA LOCAL (RLIN) | |
| Nota local | C HG151 E34 [19--?] |
| 650 ## - PUNTO DE ACCESO ADICIONAL DE MATERIA--TÉRMINO DE MATERIA | |
| Término de materia o nombre geográfico como elemento de entrada | Accounting |
| Subdivisión general | Glossaries, vocabularies, etc. |
| 9 (RLIN) | 149878 |
| 650 ## - PUNTO DE ACCESO ADICIONAL DE MATERIA--TÉRMINO DE MATERIA | |
| Término de materia o nombre geográfico como elemento de entrada | Contabilidad |
| Subdivisión general | Glosarios, vocabularios, etc. |
| 9 (RLIN) | 149879 |
| 650 ## - PUNTO DE ACCESO ADICIONAL DE MATERIA--TÉRMINO DE MATERIA | |
| Término de materia o nombre geográfico como elemento de entrada | Economía |
| Subdivisión general | Glosarios, vocabularios, etc. |
| 9 (RLIN) | 149880 |
| 650 ## - PUNTO DE ACCESO ADICIONAL DE MATERIA--TÉRMINO DE MATERIA | |
| Término de materia o nombre geográfico como elemento de entrada | Economy |
| Subdivisión general | Glossaries, vocabularies, etc. |
| 9 (RLIN) | 149881 |
| 700 ## - PUNTO DE ACCESO ADICIONAL--NOMBRE DE PERSONA | |
| Nombre de persona | Buarque, Cristovam, tr. |
| 9 (RLIN) | 149882 |
| 901 ## - ELEMENTOS DE DATOS A LOCAL LDA (RLIN) | |
| a | C 330 E34 [19--?] |
| 902 ## - ELEMENTOS DE DATOS B LOCAL, LDB (RLIN) | |
| a | M |
| 905 ## - ELEMENTOS DE DATOS E LOCAL, LDE (RLIN) | |
| a | 523227[19--?] -usn 8126223322spa16 |
| 942 ## - ELEMENTOS DE PUNTO DE ACCESO ADICIONAL (KOHA) | |
| Tipo de ítem Koha | Libro |
| Fuente del sistema de clasificación o colocación | Dewey Decimal Classification |
| Estado de retiro | Estado de pérdida | Fuente del sistema de clasificación o colocación | Estado dañado | Restricciones de uso | No para préstamo | Código de colección | Localización permanente | Ubicación/localización actual | Fecha de adquisición | Total de préstamos | Signatura topográfica completa | Código de barras | Fecha visto por última vez | Número de copia | Precio válido a partir de | Tipo de ítem Koha |
|---|---|---|---|---|---|---|---|---|---|---|---|---|---|---|---|---|
| Dewey Decimal Classification | Préstamo interno | Consulta | Ingenieria Agroindustrial | Ingenieria Agroindustrial | 18/01/2022 | C 330 E34 [19--?] | dia_000416 | 18/01/2022 | 1 | 18/01/2022 | Libro |
